[Event "19th Reykjavik op"]
[Site "Reykjavik ISL"]
[Date "2000.04.05"]
[Round "1.1"]
[White "Short, Nigel David"]
[Black "Thorfinnsson, Bragi"]
[Result "1-0"]
[WhiteElo "2683"]
[BlackElo "2260"]
[EventDate "2000.04.05"]
[PlyCount "45"]

1.e4 c5 2.b3 Nc6 3.Bb2 Nf6 4.e5 Nd5 5.Nf3 d6 6.Bb5 Bg4 7.h3 Bh5 8.Nc3 Nf4 
9.g4 Bg6 10.d4 e6 11.Qd2 Nd5 12.Nxd5 exd5 13.O-O-O Be4 14.Rhe1 Qb6 15.
Bxc6+ Qxc6 16.Ng5 h6 17.Nxe4 dxe4 18.d5 Qa6 19.Rxe4 O-O-O 20.f4 dxe5 21.
fxe5 Be7 22.Kb1 Kb8 23.Qf2 1-0

[Event "19th Reykjavik op"]
[Site "Reykjavik ISL"]
[Date "2000.04.05"]
[Round "1.2"]
[White "Naes, Flovin Thor"]
[Black "Kortschnoj, Viktor"]
[Result "0-1"]
[WhiteElo "2257"]
[BlackElo "2659"]
[EventDate "2000.04.05"]
[PlyCount "64"]

1.Nf3 c5 2.c4 Nc6 3.Nc3 e5 4.e3 f5 5.d4 e4 6.Ng1 Nf6 7.Nh3 d6 8.Be2 g6 9.
a3 Bg7 10.Nf4 O-O 11.h4 Bh6 12.g3 Bxf4 13.gxf4 cxd4 14.exd4 d5 15.b4 a6 
16.h5 Be6 17.hxg6 hxg6 18.c5 Kf7 19.Be3 Rh8 20.Kd2 Ng4 21.Qb3 Qf6 22.Nxd5 
Nxe3 23.fxe3 Nxd4 24.Qa4 Qd8 25.Bc4 Nf3+ 26.Kc2 b5 27.cxb6 Rc8 28.Qxa6 
Qxd5 29.Rh7+ Rxh7 30.Qxc8 Rh2+ 31.Kb3 Nd2+ 32.Ka4 Nxc4 0-1

[Event "19th Reykjavik op"]
[Site "Reykjavik ISL"]
[Date "2000.04.05"]
[Round "1.6"]
[White "Gunnarsson, Arnar"]
[Black "Agrest, Evgenij"]
[Result "0-1"]
[WhiteElo "2227"]
[BlackElo "2603"]
[EventDate "2000.04.05"]
[PlyCount "98"]

1.c4 f5 2.Nf3 Nf6 3.g3 g6 4.Bg2 Bg7 5.Nc3 O-O 6.O-O d6 7.d4 c6 8.Qc2 Kh8 
9.Rd1 Na6 10.Bg5 Qe8 11.Qd2 Qf7 12.Qe3 Re8 13.d5 cxd5 14.cxd5 Ng4 15.Qd2 
Nc5 16.Bf4 Bd7 17.h3 Nf6 18.Ng5 Qg8 19.Be3 a5 20.Bxc5 dxc5 21.d6 h6 22.Nf3
e5 23.Nh4 Qf7 24.Bxb7 Rab8 25.Bd5 Nxd5 26.Qxd5 Qf6 27.Qxc5 g5 28.Nf3 Qf7 
29.Rd5 Rec8 30.Qa7 Ra8 31.Qb7 Qe8 32.Rdd1 Rab8 33.Qa7 Rxb2 34.Na4 e4 35.
Nxb2 exf3 36.exf3 Bxb2 37.Re1 Qd8 38.Re7 Bxa1 39.Rxd7 Qg8 40.Rc7 Rd8 41.
Qxa5 f4 42.Rc6 fxg3 43.fxg3 Qe8 44.Qb6 Qe1+ 45.Kg2 Qd2+ 46.Qf2 Qd5 47.Ra6 
Bg7 48.Qe2 Rb8 49.Kf1 Rb1+ 0-1

[Event "19th Reykjavik op"]
[Site "Reykjavik ISL"]
[Date "2000.04.05"]
[Round "1.11"]
[White "Stefansson, Hannes Hlifar"]
[Black "Sigfusson, Sigurdur"]
[Result "1-0"]
[WhiteElo "2566"]
[BlackElo "2215"]
[EventDate "2000.04.05"]
[PlyCount "65"]

1.e4 e5 2.Nf3 Nc6 3.Bb5 a6 4.Ba4 Nf6 5.O-O Be7 6.Re1 b5 7.Bb3 O-O 8.a4 b4 
9.d3 d6 10.c3 Rb8 11.a5 Bg4 12.Bc4 bxc3 13.bxc3 Nxa5 14.Rxa5 Rxb1 15.Rxa6 
Qc8 16.d4 d5 17.exd5 e4 18.Qc2 exf3 19.Qxb1 Bd6 20.Qd3 fxg2 21.Ba3 Bf5 22.
Qe2 Re8 23.Qd1 Rxe1+ 24.Qxe1 Bf4 25.Qe7 h5 26.Rxf6 gxf6 27.d6 cxd6 28.
Bxf7+ Kh8 29.Qxf6+ Kh7 30.Bxh5 Qd7 31.Bf3 Qb5 32.Kxg2 Qd3 33.Qh4+ 1-0

[Event "19th Reykjavik op"]
[Site "Reykjavik ISL"]
[Date "2000.04.05"]
[Round "1.13"]
[White "Conquest, Stuart"]
[Black "Thorfinnsson, Bjoern"]
[Result "1-0"]
[WhiteElo "2563"]
[BlackElo "2195"]
[EventDate "2000.04.05"]
[PlyCount "45"]

1.e4 e5 2.Bc4 Nc6 3.Nc3 Nf6 4.d3 Bc5 5.f4 d6 6.f5 Ne7 7.Bg5 c6 8.Bxf6 gxf6
9.Qh5 d5 10.Bb3 a5 11.a4 Qb6 12.Nf3 Bb4 13.Kf1 Bxc3 14.bxc3 Qc5 15.Qh6 Qd6
16.g4 b6 17.g5 dxe4 18.dxe4 Ba6+ 19.Kg2 Be2 20.Rhe1 Bxf3+ 21.Kxf3 Qd2 22.
Bxf7+ Kxf7 23.g6+ 1-0

[Event "19th Reykjavik op"]
[Site "Reykjavik ISL"]
[Date "2000.04.05"]
[Round "1.15"]
[White "Hillarp Persson, Tiger"]
[Black "Kleinert, Juergen"]
[Result "1-0"]
[WhiteElo "2548"]
[BlackElo "2188"]
[EventDate "2000.04.05"]
[PlyCount "37"]

1.d4 d5 2.c4 dxc4 3.e3 e5 4.Bxc4 exd4 5.exd4 Nf6 6.Nf3 Be7 7.O-O O-O 8.h3 
c6 9.Nc3 Nbd7 10.Bb3 Nb6 11.Re1 Nbd5 12.Bg5 Re8 13.Bxf6 Nxf6 14.Ne5 Nd5 
15.Nxd5 cxd5 16.Nxf7 Kxf7 17.Qh5+ Kf6 18.Bxd5 Rf8 19.Re5 1-0

[Event "19th Reykjavik op"]
[Site "Reykjavik ISL"]
[Date "2000.04.05"]
[Round "1.16"]
[White "Palsson, Halldor"]
[Black "Gretarsson, Helgi Ass"]
[Result "0-1"]
[WhiteElo "2182"]
[BlackElo "2543"]
[EventDate "2000.04.05"]
[PlyCount "74"]

1.d4 Nf6 2.g3 d5 3.Bg2 c6 4.Nd2 Bf5 5.c4 e6 6.Ngf3 h6 7.O-O Bd6 8.b3 O-O 
9.Bb2 a5 10.Ne5 a4 11.c5 Bxe5 12.dxe5 Nfd7 13.b4 Qc7 14.e4 Bh7 15.f4 b6 
16.Kh1 bxc5 17.bxc5 Nxc5 18.Ba3 Nbd7 19.Qc2 Ra5 20.Qc3 Rb5 21.Rac1 Re8 22.
Rfe1 Qb6 23.Rc2 Rb8 24.h3 Nxe4 25.Nxe4 Bxe4 26.Bxe4 dxe4 27.Qxc6 Qxc6 28.
Rxc6 Rd5 29.Bc1 Rb1 30.Kg2 Nc5 31.Kf1 Nd3 32.Rd1 Nb4 33.Rc8+ Kh7 34.Rxd5 
exd5 35.f5 d4 36.e6 fxe6 37.fxe6 Nd5 0-1

[Event "19th Reykjavik op"]
[Site "Reykjavik ISL"]
[Date "2000.04.05"]
[Round "1.17"]
[White "Oral, Tomas"]
[Black "Halldorsson, Jon Arni"]
[Result "1-0"]
[WhiteElo "2545"]
[BlackElo "2173"]
[EventDate "2000.04.05"]
[PlyCount "83"]

1.e4 e6 2.d4 d5 3.Nd2 Nf6 4.e5 Nfd7 5.Bd3 c5 6.c3 Nc6 7.Ne2 cxd4 8.cxd4 
Qb6 9.Nf3 f6 10.exf6 Nxf6 11.O-O Bd6 12.Bd2 O-O 13.Bc3 Bd7 14.Ng3 Rae8 15.
Ne5 Re7 16.Rc1 Be8 17.Kh1 Bxe5 18.dxe5 Nd7 19.Qc2 h6 20.f4 Nb4 21.Bxb4 
Qxb4 22.a3 Qb6 23.Qd2 Nc5 24.Bb1 Nb3 25.Qd3 g6 26.Rc8 Bf7 27.Rc3 Nd4 28.
Nh5 Qb5 29.Nf6+ Kg7 30.Qd1 Nf5 31.g4 Nd4 32.Rf2 Qb6 33.Rd2 Nb5 34.Rb3 Qa5 
35.Bd3 Nd4 36.Rc3 Nc6 37.b4 Qb6 38.Bb1 Nb8 39.Qc2 Na6 40.h4 Rc7 41.Rxc7 
Qxc7 42.b5 1-0

[Event "19th Reykjavik op"]
[Site "Reykjavik ISL"]
[Date "2000.04.05"]
[Round "1.18"]
[White "Edvardsson, Kristjan"]
[Black "Markowski, Tomasz"]
[Result "0-1"]
[WhiteElo "2170"]
[BlackElo "2531"]
[EventDate "2000.04.05"]
[PlyCount "64"]

1.d4 d5 2.Nf3 c6 3.c4 e6 4.g3 dxc4 5.Bg2 b5 6.O-O Nf6 7.a4 Bb7 8.Ne5 a6 9.
Nc3 Nd5 10.f4 f6 11.Nf3 Be7 12.Bh3 f5 13.e4 Nxc3 14.bxc3 O-O 15.Ne5 Nd7 
16.Be3 c5 17.d5 exd5 18.Bxf5 Rxf5 19.exf5 Nxe5 20.fxe5 d4 21.cxd4 Qd5 22.
Kf2 Rd8 23.f6 Bf8 24.fxg7 Be7 25.Qg4 cxd4 26.Bd2 c3 27.Bh6 d3 28.Ke1 Qe4+ 
29.Qxe4 Bxe4 30.axb5 axb5 31.Ra2 Bd5 32.Raf2 d2+ 0-1

[Event "19th Reykjavik op"]
[Site "Reykjavik ISL"]
[Date "2000.04.05"]
[Round "1.19"]
[White "Olafsson, Helgi"]
[Black "Thorsteinsson, Erlingur"]
[Result "1-0"]
[WhiteElo "2491"]
[BlackElo "2160"]
[EventDate "2000.04.05"]
[PlyCount "77"]

1.c4 Nf6 2.Nc3 g6 3.e4 e5 4.d4 exd4 5.Qxd4 Nc6 6.Qd2 Bg7 7.f3 d6 8.Nge2 
Nh5 9.Nd5 Ne5 10.Ng3 Nxg3 11.hxg3 c6 12.Ne3 Qe7 13.g4 Be6 14.Be2 O-O-O 15.
Rb1 h5 16.gxh5 f5 17.exf5 gxf5 18.Qc2 Rdf8 19.Nd5 Qf7 20.h6 f4 21.Rh4 Bxh6
22.Bxf4 Bf5 23.Qxf5+ Qxf5 24.Ne7+ Kd7 25.Nxf5 Bxf4 26.Rxh8 Rxh8 27.Kf2 Rh5
28.Ng3 Rh8 29.Rd1 Bxg3+ 30.Kxg3 Rg8+ 31.Kf2 Rf8 32.Rd4 Ke6 33.f4 d5 34.
cxd5+ cxd5 35.Bf3 Nxf3 36.Kxf3 Rc8 37.Rd2 Rc1 38.g4 Rf1+ 39.Kg3 1-0

[Event "19th Reykjavik op"]
[Site "Reykjavik ISL"]
[Date "2000.04.05"]
[Round "1.20"]
[White "Schmitz, Andreas"]
[Black "Thorhallsson, Throestur"]
[Result "0-1"]
[WhiteElo "2159"]
[BlackElo "2489"]
[EventDate "2000.04.05"]
[PlyCount "40"]

1.e4 d5 2.exd5 Nf6 3.Nc3 Nxd5 4.Bc4 Nxc3 5.Qf3 e6 6.dxc3 Nc6 7.Qg3 g6 8.
Nf3 Bd6 9.Qh3 Qe7 10.Ng5 Be5 11.Ne4 f5 12.Bg5 Qf8 13.Bh6 Bg7 14.Bxg7 Qxg7 
15.Ng5 Qe5+ 16.Kf1 Qf4 17.Nxh7 Qxc4+ 18.Kg1 Bd7 19.b3 Qc5 20.Qh4 Qe7 0-1

[Event "19th Reykjavik op"]
[Site "Reykjavik ISL"]
[Date "2000.04.05"]
[Round "1.21"]
[White "Bricard, Emmanuel"]
[Black "Schmied, Andreas"]
[Result "1-0"]
[WhiteElo "2461"]
[BlackElo "2158"]
[EventDate "2000.04.05"]
[PlyCount "93"]

1.d4 f5 2.Nf3 Nf6 3.c4 g6 4.e3 Bg7 5.b4 O-O 6.Bb2 d6 7.Nbd2 e5 8.dxe5 Ng4 
9.c5 Nxe5 10.Nxe5 dxe5 11.Nf3 Qxd1+ 12.Rxd1 e4 13.Bc4+ Kh8 14.Bxg7+ Kxg7 
15.Nd4 Kf6 16.O-O a5 17.b5 Re8 18.Bd5 Re5 19.Bg8 Rxc5 20.Rc1 Rxc1 21.Rxc1 
c6 22.bxc6 Nxc6 23.Nxc6 bxc6 24.Rxc6+ Kg7 25.Bd5 Rb8 26.h4 Kh6 27.Rc7 Ba6 
28.Ra7 Rb5 29.Bxe4 fxe4 30.Rxa6 Kh5 31.g3 g5 32.Re6 gxh4 33.gxh4 Rb4 34.
Re5+ Kxh4 35.Rxa5 Kg4 36.Kg2 h5 37.Ra8 Rb2 38.a4 Ra2 39.a5 h4 40.Rf8 Rxa5 
41.Rf4+ Kg5 42.Rxe4 Ra1 43.Re5+ Kg6 44.Kh3 Rh1+ 45.Kg4 Rh2 46.f3 Rh1 47.
Rg5+ 1-0

[Event "19th Reykjavik op"]
[Site "Reykjavik ISL"]
[Date "2000.04.05"]
[Round "1.22"]
[White "Schmitz, Manuela"]
[Black "Jonkman, Harmen"]
[Result "0-1"]
[WhiteElo "2134"]
[BlackElo "2446"]
[EventDate "2000.04.05"]
[PlyCount "68"]

1.d4 d5 2.c4 dxc4 3.Nf3 a6 4.a4 Nf6 5.Nc3 Nc6 6.e4 Bg4 7.Be3 Na5 8.Qc2 
Bxf3 9.gxf3 e6 10.Be2 c5 11.Rd1 Qc7 12.d5 Bd6 13.h4 Nh5 14.Rg1 g6 15.e5 
Bxe5 16.Ne4 O-O-O 17.Bxc4 Nxc4 18.Qxc4 exd5 19.Rxd5 Rxd5 20.Qxd5 Rd8 21.
Qxc5 Qxc5 22.Nxc5 Bxb2 23.Ke2 Ba3 24.Nd3 Re8 25.Rg4 Bd6 26.Kd2 Ng7 27.Ba7 
h5 28.Rc4+ Kd7 29.a5 Nf5 30.Nb2 Re5 31.Bb6 Rb5 32.Nd3 Ne7 33.Kc2 Nc6 34.
Ra4 Nb4+ 0-1

[Event "19th Reykjavik op"]
[Site "Reykjavik ISL"]
[Date "2000.04.05"]
[Round "1.23"]
[White "Arizmendi Martinez, Julen Luis"]
[Black "Ragnarsson, Johann"]
[Result "1-0"]
[WhiteElo "2445"]
[BlackElo "2129"]
[EventDate "2000.04.05"]
[PlyCount "73"]

1.e4 c6 2.d4 d5 3.e5 Bf5 4.Nc3 e6 5.g4 Bg6 6.Nge2 f6 7.Nf4 Bf7 8.Qe2 Qe7 
9.Nd3 Nd7 10.h4 h5 11.g5 f5 12.g6 Bxg6 13.Bg5 Qf7 14.Nf4 Bb4 15.a3 Ba5 16.
Qe3 Nh6 17.f3 Ng8 18.b4 Bc7 19.Na4 Ne7 20.c4 Bh7 21.Rg1 Ng6 22.cxd5 Nxf4 
23.Bxf4 cxd5 24.Nc3 Rc8 25.Nxd5 O-O 26.Bh6 Bg6 27.Rxg6 Bd8 28.Nf4 Bxh4+ 
29.Kd2 Nb6 30.Rxg7+ Qxg7 31.Bxg7 Kxg7 32.Qg1+ Kf7 33.Qg6+ Ke7 34.Qxe6+ Kd8
35.Ng6 Bg5+ 36.f4 Bh4 37.Nxf8 1-0

[Event "19th Reykjavik op"]
[Site "Reykjavik ISL"]
[Date "2000.04.05"]
[Round "1.25"]
[White "Johannessen, Leif Erlend"]
[Black "Marks, H."]
[Result "1-0"]
[WhiteElo "2431"]
[BlackElo "2085"]
[EventDate "2000.04.05"]
[PlyCount "67"]

1.d4 Nf6 2.c4 e6 3.Nc3 Bb4 4.Bg5 h6 5.Bh4 b6 6.f3 Qe7 7.e4 Bxc3+ 8.bxc3 e5
9.Bd3 d6 10.Ne2 Nbd7 11.Qa4 O-O 12.O-O g5 13.Bf2 Nh5 14.Ng3 Nxg3 15.hxg3 
Bb7 16.Rae1 Rfd8 17.Be3 Nf6 18.Qc2 Nh5 19.Qf2 Rf8 20.c5 Ng7 21.Bc4 dxc5 
22.f4 gxf4 23.gxf4 exd4 24.cxd4 Qxe4 25.f5 Nxf5 26.Bxh6 Qxd4 27.Bxf8 Rxf8 
28.Qxd4 Nxd4 29.Re7 Ne6 30.Rexf7 Re8 31.Rxc7 Be4 32.Rf6 Kh8 33.Rh6+ Kg8 
34.Bxe6+ 1-0

[Event "19th Reykjavik op"]
[Site "Reykjavik ISL"]
[Date "2000.04.05"]
[Round "1.26"]
[White "Soupizon, Remi"]
[Black "Salmensuu, Olli"]
[Result "0-1"]
[WhiteElo "2066"]
[BlackElo "2418"]
[EventDate "2000.04.05"]
[PlyCount "114"]

1.e4 c5 2.Nc3 Nc6 3.f4 g6 4.Nf3 Bg7 5.Bb5 Nd4 6.O-O Nxb5 7.Nxb5 d6 8.c3 
Bd7 9.Qe2 Bxb5 10.Qxb5+ Qd7 11.Qxd7+ Kxd7 12.a4 Nf6 13.d3 a6 14.a5 Ne8 15.
Be3 Nc7 16.d4 cxd4 17.cxd4 f5 18.e5 Nd5 19.Bd2 Rhc8 20.Rfc1 Bh6 21.g3 Rc6 
22.Bc3 Rac8 23.Ra3 R8c7 24.h4 Bg7 25.h5 Ne3 26.hxg6 hxg6 27.Rb1 Nd5 28.Nh4
dxe5 29.dxe5 Kc8 30.Kf2 Bf8 31.Raa1 e6 32.Nxg6 Bc5+ 33.Kf3 Rg7 34.Nh4 Nxc3
35.bxc3 Be7 36.Rb3 Bxh4 37.gxh4 Rg4 38.Rab1 Rc7 39.c4 Rxh4 40.Rb6 Rxc4 41.
Rxe6 Rhxf4+ 42.Kg3 Rg4+ 43.Kf3 Rcf4+ 44.Ke3 Rb4 45.Rd1 Rb5 46.Re8+ Kc7 47.
e6 Rg7 48.Rc1+ Kd6 49.Rd1+ Ke5 50.Rd7 Kf6 51.Kd3 Rg6 52.Rd4 Rg3+ 53.Kc4 
Rxa5 54.e7 Ra4+ 55.Kc5 Rxd4 56.Rd8 Rc3+ 57.Kb6 Rc6+ 0-1

[Event "19th Reykjavik op"]
[Site "Reykjavik ISL"]
[Date "2000.04.05"]
[Round "1.27"]
[White "Bykhovsky, Anatoly A."]
[Black "Steindorsson, Sigurdur Pall"]
[Result "1/2-1/2"]
[WhiteElo "2409"]
[BlackElo "2056"]
[EventDate "2000.04.05"]
[PlyCount "55"]

1.e4 c5 2.Nf3 d6 3.d4 cxd4 4.Nxd4 Nf6 5.Nc3 a6 6.Be2 e5 7.Nb3 Be7 8.O-O 
O-O 9.a4 Be6 10.Be3 Nbd7 11.a5 Rc8 12.Qd2 Qc7 13.Rfe1 Qc6 14.Bf3 Rfd8 15.
Red1 h6 16.Nc1 Nc5 17.Qe1 Bf8 18.Bxc5 dxc5 19.Nd5 Bxd5 20.exd5 Qc7 21.c4 
e4 22.Be2 Bd6 23.g3 Re8 24.Ra3 Be5 25.Rb3 Bd4 26.Kg2 Rcd8 27.Qd2 Qe5 28.
Qf4 1/2-1/2

[Event "19th Reykjavik op"]
[Site "Reykjavik ISL"]
[Date "2000.04.05"]
[Round "1.28"]
[White "De Blecourt, Sandra"]
[Black "Gunnarsson, Jon Viktor"]
[Result "0-1"]
[WhiteElo "2027"]
[BlackElo "2401"]
[EventDate "2000.04.05"]
[PlyCount "104"]

1.d4 Nf6 2.c4 c5 3.d5 b5 4.cxb5 a6 5.b6 d6 6.Nc3 Qxb6 7.a4 g6 8.a5 Qb7 9.
e4 Bg7 10.Nf3 O-O 11.Be2 Nbd7 12.Nd2 Ne8 13.O-O Nc7 14.Nc4 Nb5 15.Bg5 Re8 
16.Qd3 Rb8 17.f4 Nf6 18.h3 Nd4 19.Nb6 Nxe2+ 20.Qxe2 Nd7 21.Nc4 Qc7 22.e5 
Bb7 23.Bxe7 Rxe7 24.exd6 Bxc3 25.dxe7 Bd4+ 26.Kh2 Nf6 27.d6 Qd7 28.Rae1 
Bd5 29.Nb6 Qxd6 30.Nxd5 Qxd5 31.Qxa6 Kg7 32.Re2 h5 33.Qa7 Ra8 34.Qc7 c4 
35.a6 Ne8 36.Qb7 Qxb7 37.axb7 Rb8 38.Rd2 Bb6 39.Re1 Ba5 40.Rd8 Bxd8 41.
exd8=Q Rxd8 42.Re7 Kf6 43.Rd7 Rb8 44.f5 gxf5 45.Kg3 Ke6 46.Rd2 Nd6 47.Kf4 
Rxb7 48.Re2+ Kf6 49.Rd2 Rb6 50.Rd5 h4 51.Rd4 Ke6 52.Kf3 Rb3+ 0-1

[Event "19th Reykjavik op"]
[Site "Reykjavik ISL"]
[Date "2000.04.05"]
[Round "1.29"]
[White "Westerinen, Heikki"]
[Black "Valgardsson, Gudjon Heidar"]
[Result "1-0"]
[WhiteElo "2392"]
[BlackElo "2114"]
[EventDate "2000.04.05"]
[PlyCount "55"]

1.e4 e6 2.d4 d5 3.Nc3 Bb4 4.Ne2 dxe4 5.a3 Bxc3+ 6.Nxc3 Nc6 7.d5 Nce7 8.Qg4
Nxd5 9.Nxd5 exd5 10.Qxg7 Qf6 11.Bh6 Bg4 12.Qxf6 Nxf6 13.Bg7 Ke7 14.Bxh8 
Rxh8 15.Be2 Rg8 16.Bxg4 Nxg4 17.Rd1 e3 18.Rxd5 Nxf2 19.Rg1 Nh3 20.Rf1 Rxg2
21.Re5+ Kf8 22.Rxe3 Rxh2 23.Rf5 h6 24.Rh5 Rh1+ 25.Kd2 Nf2 26.Rxh1 Nxh1 27.
Ke2 h5 28.Rh3 1-0

[Event "19th Reykjavik op"]
[Site "Reykjavik ISL"]
[Date "2000.04.05"]
[Round "1.30"]
[White "Schubert, Hans Joachim"]
[Black "Hardarson, Robert"]
[Result "0-1"]
[WhiteElo "2005"]
[BlackElo "2356"]
[EventDate "2000.04.05"]
[PlyCount "56"]

1.e4 e5 2.Nf3 Nc6 3.Bc4 Nf6 4.Ng5 d5 5.exd5 Na5 6.Bb5+ c6 7.dxc6 bxc6 8.
Qf3 Rb8 9.Be2 Bd6 10.Nc3 O-O 11.d3 h6 12.Nge4 Nxe4 13.Nxe4 Bc7 14.b4 f5 
15.Ng3 Rxb4 16.Ba3 Rf4 17.Qh5 Bd6 18.Bxd6 Qxd6 19.O-O Kh7 20.Bd1 c5 21.Rb1
Nc6 22.Qe2 Rh4 23.c3 Ba6 24.Bc2 e4 25.Rfd1 Rd8 26.h3 Qg6 27.Kh1 Re8 28.Qf1
f4 0-1

[Event "19th Reykjavik op"]
[Site "Reykjavik ISL"]
[Date "2000.04.05"]
[Round "1.33"]
[White "Lampen, Timo"]
[Black "Arngrimsson, Dagur"]
[Result "1-0"]
[WhiteElo "2307"]
[BlackElo "2081"]
[EventDate "2000.04.05"]
[PlyCount "87"]

1.e4 c5 2.Nf3 d6 3.c3 Nf6 4.Be2 g6 5.O-O Nc6 6.d4 Bg7 7.d5 Ne5 8.Nxe5 dxe5
9.Be3 O-O 10.Nd2 b6 11.a4 Ne8 12.a5 Rb8 13.axb6 axb6 14.Qb3 Nd6 15.Bxc5 f5
16.exf5 Bxf5 17.Be3 Qd7 18.Ra6 b5 19.Ra7 Rb7 20.Rfa1 Rfb8 21.Rxb7 Rxb7 22.
Ra8+ Kf7 23.f3 Nc4 24.Nxc4 bxc4 25.Qxc4 Rxb2 26.g4 Rxe2 27.Qxe2 Qxd5 28.
Ra1 Bd7 29.Qa2 Bc6 30.Qxd5+ Bxd5 31.Kf2 e4 32.Ra5 Be6 33.Bd4 Bxd4+ 34.cxd4
exf3 35.Kxf3 Kf6 36.Kf4 Bc4 37.Rc5 Bb3 38.Rc6+ Kf7 39.g5 Bd5 40.Rb6 Be6 
41.Ke5 Bc4 42.d5 Be2 43.Rb7 Bf3 44.d6 1-0

[Event "19th Reykjavik op"]
[Site "Reykjavik ISL"]
[Date "2000.04.05"]
[Round "1.34"]
[White "Hannesson, Olafur Isberg"]
[Black "Bjarnason, Saevar"]
[Result "1/2-1/2"]
[WhiteElo "2161"]
[BlackElo "2305"]
[EventDate "2000.04.05"]
[PlyCount "71"]

1.e4 d6 2.d4 g6 3.Nc3 Bg7 4.Be3 c6 5.Qd2 b5 6.a3 Nd7 7.Be2 Bb7 8.h4 h5 9.
Nh3 Ngf6 10.f3 a6 11.Nf2 Nb6 12.Rd1 Qc7 13.O-O e5 14.dxe5 dxe5 15.Qd6 Qxd6
16.Rxd6 Nfd7 17.Rfd1 O-O-O 18.Na2 Rhe8 19.Nb4 Kc7 20.b3 Bf8 21.Bxb6+ Nxb6 
22.Rxd8 Rxd8 23.Rxd8 Kxd8 24.c3 f6 25.g4 c5 26.Nc2 Bc6 27.gxh5 gxh5 28.Ne3
Bh6 29.Nfd1 a5 30.Kf2 Be8 31.c4 b4 32.a4 Bf7 33.Nd5 Nd7 34.N1e3 Bxe3+ 35.
Kxe3 Ke8 36.Bd1 1/2-1/2

[Event "19th Reykjavik op"]
[Site "Reykjavik ISL"]
[Date "2000.04.05"]
[Round "1.35"]
[White "Wiley, Tom"]
[Black "Halldorsson, Halldor"]
[Result "1-0"]
[WhiteElo "2294"]
[BlackElo "2109"]
[EventDate "2000.04.05"]
[PlyCount "63"]

1.d4 Nf6 2.c4 g6 3.Nc3 d5 4.cxd5 Nxd5 5.e4 Nxc3 6.bxc3 Bg7 7.Be3 c5 8.Qd2 
Qa5 9.Rb1 b6 10.Bb5+ Bd7 11.Bd3 Nc6 12.Ne2 cxd4 13.cxd4 Qxd2+ 14.Kxd2 O-O 
15.Rhd1 Rfb8 16.h3 a6 17.f4 e6 18.g4 Bf8 19.Nc3 b5 20.f5 exf5 21.gxf5 Na5 
22.Nd5 Bc6 23.Nf6+ Kg7 24.e5 b4 25.h4 b3 26.axb3 Nxb3+ 27.Ke2 Rb4 28.d5 
Ba4 29.Rg1 Nd4+ 30.Bxd4 Rxd4 31.fxg6 fxg6 32.Rb7+ 1-0

[Event "19th Reykjavik op"]
[Site "Reykjavik ISL"]
[Date "2000.04.05"]
[Round "1.36"]
[White "Bergsson, Stefan"]
[Black "Jonasson, Benedikt"]
[Result "1/2-1/2"]
[WhiteElo "2021"]
[BlackElo "2285"]
[EventDate "2000.04.05"]
[PlyCount "83"]

1.e4 c5 2.Nf3 Nc6 3.Bb5 e6 4.Nc3 Nge7 5.O-O a6 6.Bxc6 Nxc6 7.a4 Be7 8.d4 
cxd4 9.Nxd4 Qc7 10.Be3 b6 11.Nxc6 Qxc6 12.Qd4 Bf6 13.Qxb6 Qxb6 14.Bxb6 Rb8
15.a5 Bb7 16.Rfe1 Bxc3 17.bxc3 f6 18.c4 Rc8 19.c5 Ke7 20.Rad1 Bc6 21.c4 g5
22.Rd2 h5 23.Rb2 Rb8 24.f3 Kf7 25.Reb1 Rb7 26.Kf2 Rg8 27.Rd1 g4 28.Ke3 h4 
29.Rbb1 Rbb8 30.Rg1 e5 31.Rbd1 h3 32.gxh3 gxf3 33.Rg3 Rxg3 34.hxg3 Rh8 35.
h4 Rg8 36.Kxf3 f5 37.Kf2 fxe4 38.Re1 Ke6 39.Re3 Kf5 40.Kg2 Kg4 41.Bc7 Re8 
42.Bd6 1/2-1/2

[Event "19th Reykjavik op"]
[Site "Reykjavik ISL"]
[Date "2000.04.05"]
[Round "1.37"]
[White "Sarbok, Torsten"]
[Black "Kjartansson, Olafur"]
[Result "1-0"]
[WhiteElo "2285"]
[BlackElo "2091"]
[EventDate "2000.04.05"]
[PlyCount "57"]

1.e4 c5 2.Nf3 d6 3.c4 Nf6 4.Nc3 g6 5.d4 cxd4 6.Nxd4 Bg7 7.Be2 O-O 8.Be3 
Nc6 9.Rc1 Bd7 10.Nb3 b6 11.O-O Rc8 12.h3 Ne5 13.Nd2 Bc6 14.b4 Ned7 15.Qb3 
Ra8 16.a3 e6 17.Rfd1 Qe7 18.Qb1 d5 19.Bf3 dxe4 20.Ndxe4 Nxe4 21.Bxe4 Bxe4 
22.Nxe4 a5 23.c5 axb4 24.axb4 Ra1 25.Qxa1 Bxa1 26.Rxa1 Nf6 27.Bg5 bxc5 28.
Nxf6+ Kh8 29.Rd7 1-0

[Event "19th Reykjavik op"]
[Site "Reykjavik ISL"]
[Date "2000.04.05"]
[Round "1.38"]
[White "Kjartansson, Gudmundur"]
[Black "Bjornsson, Sigurbjorn"]
[Result "1-0"]
[WhiteElo "2248"]
[BlackElo "2282"]
[EventDate "2000.04.05"]
[PlyCount "89"]

1.d4 Nf6 2.c4 g6 3.Nc3 Bg7 4.e4 d6 5.f4 O-O 6.Nf3 c5 7.d5 e6 8.Be2 exd5 9.
cxd5 Bg4 10.O-O Nbd7 11.h3 Bxf3 12.Bxf3 a6 13.a4 Re8 14.Be3 Qa5 15.Qc2 c4 
16.Rfe1 Nc5 17.Bxc5 Qxc5+ 18.Kh1 Nd7 19.Bg4 Nf6 20.Bf3 Qc7 21.Rac1 Nd7 22.
Be2 Rab8 23.Nb1 b5 24.b4 Re7 25.a5 Bd4 26.Bf3 Rbe8 27.Qd2 Qa7 28.Re2 Nf6 
29.Rce1 g5 30.e5 Nd7 31.e6 fxe6 32.dxe6 Nf8 33.f5 Bf6 34.Nc3 Qd4 35.Nd5 
Kg7 36.Qxd4 Bxd4 37.Bh5 Bf6 38.Bxe8 Rxe8 39.e7 Nd7 40.Nc7 Kf7 41.Nxe8 Kxe8
42.Re6 Be5 43.f6 Bxf6 44.Rxd6 Bc3 45.Re3 1-0

[Event "19th Reykjavik op"]
[Site "Reykjavik ISL"]
[Date "2000.04.06"]
[Round "2.1"]
[White "Markowski, Tomasz"]
[Black "Short, Nigel David"]
[Result "0-1"]
[WhiteElo "2531"]
[BlackElo "2683"]
[EventDate "2000.04.05"]
[PlyCount "84"]

1.g3 e5 2.c4 d6 3.Bg2 Nc6 4.Nc3 g6 5.d3 Bg7 6.Rb1 Be6 7.Nd5 Qd7 8.Qa4 f5 
9.e3 Nf6 10.Ne2 O-O 11.Bd2 Nxd5 12.cxd5 Ne7 13.Qa5 Bf7 14.Nc3 f4 15.O-O g5
16.Rfc1 Bg6 17.Ne4 b6 18.Qc3 f3 19.Bf1 Bxe4 20.dxe4 Rac8 21.Qa3 a5 22.Rc4 
Kh8 23.Rbc1 Ng8 24.Qc3 Rf7 25.Rc6 Nf6 26.Qc4 h5 27.Rxb6 Nxe4 28.Bxa5 h4 
29.Rb5 Nf6 30.g4 e4 31.h3 Nxg4 32.Qxe4 Ne5 33.Rb7 Qd8 34.a4 g4 35.hxg4 h3 
36.Be1 Qh4 37.Rb5 Rg8 38.Kh1 Bf6 39.Qf5 Bg5 40.Qe6 Rf6 41.Qe7 Rfg6 42.Qxc7
Bd8 0-1

[Event "19th Reykjavik op"]
[Site "Reykjavik ISL"]
[Date "2000.04.06"]
[Round "2.2"]
[White "Kortschnoj, Viktor"]
[Black "Olafsson, Helgi"]
[Result "1/2-1/2"]
[WhiteElo "2659"]
[BlackElo "2491"]
[EventDate "2000.04.05"]
[PlyCount "94"]

1.d4 Nf6 2.c4 e6 3.Nc3 Bb4 4.e3 c5 5.Ne2 cxd4 6.exd4 O-O 7.a3 Be7 8.g3 d5 
9.cxd5 Nxd5 10.Bg2 Nxc3 11.bxc3 Nc6 12.O-O Na5 13.Bf4 Bd7 14.c4 Rc8 15.c5 
Bc6 16.Bxc6 Nxc6 17.Rb1 b6 18.Be3 bxc5 19.dxc5 Qa5 20.a4 Rfd8 21.Qc2 h6 
22.Rb5 Qc7 23.Rfb1 Rd7 24.Qe4 Bg5 25.f4 Bf6 26.Kg2 a5 27.Kh3 h5 28.Ng1 Qd8
29.Nf3 Rd5 30.Rb7 Rc7 31.Rxc7 Qxc7 32.Rb6 Qd7 33.Kg2 g6 34.Qc4 Rd3 35.Bf2 
Nb4 36.c6 Qd5 37.Qxd5 Nxd5 38.Rb5 Rc3 39.Bc5 Rc2+ 40.Kf1 Bc3 41.Bf2 Bb4 
42.Nd4 Rc4 43.Ke2 h4 44.Rb7 hxg3 45.hxg3 Bd6 46.Rd7 Bb4 47.Rb7 Kf8 1/2-1/2

[Event "19th Reykjavik op"]
[Site "Reykjavik ISL"]
[Date "2000.04.06"]
[Round "2.3"]
[White "Thorhallsson, Throestur"]
[Black "Timman, Jan"]
[Result "1/2-1/2"]
[WhiteElo "2489"]
[BlackElo "2655"]
[EventDate "2000.04.05"]
[PlyCount "78"]

1.e4 e6 2.d4 d5 3.Nc3 Bb4 4.e5 Ne7 5.f4 b6 6.Nf3 Nf5 7.Bd3 h5 8.O-O Qd7 9.
Ne2 Ba6 10.Bxa6 Nxa6 11.Qd3 Nb8 12.Bd2 Be7 13.Ng3 g6 14.Be1 h4 15.Ne2 c5 
16.c3 Nc6 17.Bf2 Rc8 18.g4 hxg3 19.hxg3 cxd4 20.Nexd4 Ncxd4 21.Nxd4 Nxd4 
22.Bxd4 Bc5 23.Kg2 Bxd4 24.Qxd4 Qb5 25.Rf2 Rc4 26.Qd3 Qc5 27.Raf1 b5 28.a3
Re4 29.Qd1 Qc4 30.Rh1 Rxh1 31.Qxh1 Re2 32.Qh8+ Kd7 33.Rxe2 Qxe2+ 34.Kh3 
Qd1 35.Kg2 Qe2+ 36.Kh3 Qf3 37.Kh2 a5 38.Qf8 Qh5+ 39.Kg2 Qe2+ 1/2-1/2